| 000 | 00833nam a2200253 a 4500 | ||
|---|---|---|---|
| 001 | 3807449 | ||
| 003 | ARRUPE | ||
| 005 | 20140924133125.0 | ||
| 008 | 850920s1986 nyua b 000 0 eng | ||
| 010 | _a 85062930 | ||
| 020 |
_a0809127822 (pbk.) : _c$10.95 |
||
| 040 |
_aDLC _cDLC _dDLC |
||
| 050 | 0 | 0 |
_aBX1756.B828 _bG73 1986 |
| 082 | 0 | 0 |
_a252/.02 _219 |
| 100 | 1 |
_aBurghardt, Walter J. _911535 |
|
| 245 | 1 | 0 |
_aGrace on crutches : _bhomilies for fellow travelers / _cWalter J. Burghardt ; [illustrations by Wendy Mahin]. |
| 260 |
_aNew York : _bPaulist Press, _cc1986. |
||
| 300 |
_aviii, 221 p. : _bill. ; _c23 cm. |
||
| 504 | _aBibliography: p. 209-221. | ||
| 610 | 2 | 0 |
_aCatholic Church _xSermons. _93001 |
| 650 | 0 |
_aSermons, American. _911536 |
|
| 906 |
_a7 _bcbc _corignew _d3 _eopcn _f19 _gy-gencatlg |
||
| 942 |
_2lcc _cMONOGRAPH |
||
| 999 |
_c120922 _d120922 |
||